An Advanced Hatsune Miku Quiz - Statistics

General Stats
  • This quiz has been taken 182 times
    173 since last reset
  • The average score is 36 of 130
Answer Stats
description/hints answers go here % Correct
this Vocalo-P is known for churning out excessively positive songs, using mainly miku for the composition (e.g. FREELY TOMORROW) Mitchie-M
89%
...and guess who did this city collaborate with for this special occasion? Hatsune Miku
88%
most common favorite Miku song amongst english/global audiences (hint: i'm thinking miku miku oo-ee-oo) Miku - Anamanaguchi
88%
cosMo@Bousou-P song inspired by a real event, which was also made into an english graphic novel (bad ending) The Disappearance of Hatsune Miku
88%
the good ending of the above song (good ending), also made by cosMo@Bousou-P The Intense Voice of Hatsune Miku
86%
what is a 'hatsune miku' specifically a VOCALOID
85%
pronunciation of this number in hepburn san-kyu/mi-ku
85%
what is the miku variant that is the sole mascot of GSC's official racing team? Racing Miku
84%
age (CFM canon) 16
75%
name in western/english format? Miku Hatsune
75%
____ hair, ____ tie, hiding in your wifi blue
73%
triple baka character (the red one; UTAU-VSynth, who is also a chimera) created as a joke for april fools in 2008, also seen in mesmerizer Kasane Teto
72%
Miku's lucky number 39
71%
song about vegetable juice Po Pi Po
66%
triple baka character (the yellow one, fanloid) Akita Neru
62%
miku's preferred item (hint: vegetable) leek/negi/spring onion
62%
and which day does Miku Day fall on, (coincidentally) relating to this number? March 9th (because 3/9)
60%
name miku's parent company (what does CFM stand for?) CFM (Crypton Future Media)
56%
rhythm game otherwise abbrieviated as 'PJSK', released in 2021 in JP app stores, has 5 units with different stories Project Sekai:Colorful Stage!/ Hatsune Miku: Colorful Stage!
54%
what are miku's global expositions known as MIKU EXPO
53%
name in japanese? (default) 初音ミク (hatsunemiku)
50%
most hated Miku voicebank according to the VOCALOID fandom/fanbase Hatsune Miku NT
48%
start date of miku x fortnite collaboration event January 14th, 2025 (14/01/25)
47%
name the vocaloid with pink hair in the CV series (full name) Megurine Luka/Luka Megurine
47%
"and now it's time for the moment you've been waiting for 1! 2! 3! ready? ____ ____ ____MMMMMMMMMMMMMMMMMMMMMMMMMMMMMMM" MIKU MIKU BEAM
47%
most common favorite Miku song amongst Japanese audiences (hint: sekai de ichiban ohime-sama) World Is Mine
47%
release date? August 31st, 2007 (31/08/07)
46%
how old is Miku currently in 2025 (measuring from anniversaries) 17, about to turn 18 this August
45%
what is the cherry blossom pink variant of miku called Sakura Miku
45%
[ETY]: what does 'mi' (ミ) mean future (1st fragment)
44%
[ETY]: what does 'ku' (ク) mean future (2nd fragment)
44%
ancestor of PMDX, abbrieviated as 'PJD' Project Diva
44%
what is the the winter variant of miku called Snow Miku
44%
"~excuse me, are you _______? oh no... - oh NO NO NO NO NO ; Hatsune Miku does NOT talk to _______ people. the only pounds i need are me pounding your mom. SEKAI-" british
42%
combining all of the characters together, what does 『初音ミク』literally mean etymologically the first sound [of the] future/ the first sound [from the] future
39%
which year was miku's 16th anniversary? (hint: count from 2007) 2023
38%
[ETY]: what does 'hatsu' (初) mean first
38%
[ETY]: what does 'ne' (音) mean sound
36%
which song is the above lyric quote from M@GICAL☆CURE! LOVE SHOT!
33%
CTS: However, Hatsune Miku ___ the first Vocaloid to be entirely created and released by CFM. IS
32%
the gooner Vocalo-P that made Rabbit Hole DECO*27
31%
male version of/genderbent miku (fanloid) Hatsune Mikuo
31%
height (CFM canon) 158cm
30%
name of popular Japanese video sharing website that helped to accelerate Miku's rapid rise to stardom (that also inspired the creators of BiliBili) Nico Nico Douga
30%
ancestor of PJSK, has cute chibi versions of vocaloids - abbrieviated as 'PMDX' Project Mirai DX
30%
who is Miku's voice actress/provider? Saki Fujita
30%
and which company manufactures these, licensed by CFM? (the one that made sonic, and PJSK as well) SEGA
29%
how are miku concerts usually executed flawlessly? hologram, pepper's ghost effect
28%
which of miku's songs blew up in 2015-2016 that wasn't originally hers (hint: finnish folk song) Ievan Polkka
28%
name the vocaloids with blonde hair in the CV series (full names) Kagamine Rin & Kagamine Len/ Rin Kagamine & Len Kagamine
28%
double-meaning of the number thank you
28%
and which other company assisted CFM in developing Miku? Yamaha Corporation
28%
name the first vocaloids ever created Leon & Lola
27%
name in traditional chinese? 初音未來 (Chūyīn Wèilái [TW])
26%
name of concept where VOCALOIDs talk instead of sing in machinima videos Talkloid
25%
what does "GSC" stand for Good Smile Company
24%
what is the current (newest) version of miku as of date (this quiz was written in 5/9/2025) Hatsune Miku SP (Super Pack)
23%
Complete this statement (CTS): Hatsune Miku __ ___ the first Vocaloid. is NOT (common misconception for people who think she is)
23%
this Vocalo-P makes terrifyingly dark and tragic songs, with 'Pokkan Color' being his only positive anomaly. who is this? Kikuo
23%
miku cat song, spin-off of original Nyan Cat by UTAU Momo Momone with literally the same composition as the original (the original Nyan Cat was NOT sung by Hatsune Miku - most probably confused with this one) Nyanyanyanyanyanyanya!
23%
however the tool above was replaced by something else during MIKU EXPO 2024 due to budget cuts. what is it? tv screen/led screen
23%
what is UTAU VOCALOID but free
23%
this Vocalo-P died in 2019 aged 31 due to acute heart failure wowaka/Genjitsutouhi-P
23%
the name of a miku-based animation software called MMD MikuMikuDance
22%
controversial but legendary Miku song based off of WW2 Imperial Japan (that got banned in Korea and China) Senbonzakura
21%
which sanrio character did miku collaborate with in 2023 Cinnamoroll
20%
this popular animation youtuber has an 'obsession' with her and made a video on it (female, 15:57 exact run time, currently has 11M views) JaidenAnimations
20%
"woah woah woah woah ____ ____ so cool i wonder what happens if i - A! pipe bomb
20%
this Vocalo-P sadly took his own life in 2015. (Wrote and composed Young Girl A) R.I.P siinamota
20%
the company that owns Hoyoverse (starts with a 'mi' as in miku) miHoYO
19%
and relating to the above question, what was Miku's first voicebank ever released? Hatsune Miku V2
18%
what are miku's anniversary concerts called Magical Mirai
18%
what does "GSR" stand for Good Smile Racing
17%
name the male/female first-gen vocaloid duo KAITO & MEIKO
17%
At what year did this city celebrate it's 100th Anniversary? 2022
16%
weight (CFM canon) 42kg
16%
"_ ___'_ ___ ___ ___ __ ___ _______... HATSUNE MIKU?!" I can't see the end of the horizon...
16%
what are the illumination sticks regularly seen in concerts called? penlights/glowsticks
16%
name a valid Miku fanloid Shiteyanyo/Mikudayo/Hachune Miku
16%
for some reason these two can't catch a break with collaborations and crossovers (kaiju) Godzilla
15%
CTS: Before Miku had her twintails, her beta draft design used a different hairstyle. It was a ________. ponytail.
15%
what is her development codename CV-01
14%
who was the original illustrator that designed miku? KEI (Kei Garou)
14%
and which Vocalo-P made this SAWTOWNE
14%
what does "CV" in "CV-01" stand for Character Vocal
13%
name in simplified chinese? 初音未来 (Chūyīn Wèilái [CN])
13%
miku pizza AR limited collaboration with what brand? Domino's Pizza
13%
who was the metaverse knockoff of Miku that fell off Polar
13%
crossover between miku and her VOCALOID siblings and pokemon Project VOLTAGE
13%
what is the nicknamed title of a vocaloid producer Vocalo-P
13%
where is miku's home island? (which island is the is the above city in?) Hokkaido
12%
end date of miku x fortnite collaboration event April 8th, 2025 (08/04/25)
11%
miku was in week 1 in the line up of this concert series Coachella
11%
name the other anime where Miku frequently appears in Jashin-chan Drop Kick/ Dropkick on my Devil!
10%
name of CFM's independently-operated studio Piapro Studio
10%
and within this anime what was the denomination of the yen coin when Jashin-chan stole Miku's leek? 100 yen
9%
popular utaite singer that covers miku and VOCALOID songs Ado
9%
where is miku's hometown? (location of headquarters of above) Sapporo
9%
miku's demo-debut song (clipped)? "01_ballade"
8%
male twitch streamer who likes miku who made the meme above jerma
8%
what are miku expositions in mainland china called? MIKU WITH YOU
8%
what are the expensive figurines of miku that the above affiliate company (GSC) makes Nendoroids
8%
the above partial song was then renamed after miku's official release, what was it renamed to? Hoshi No Kakera (Fragments of A Star)
6%
miku-related campaign to save miku in 2017 [SAVE MIKU]
6%
how much copies of Miku sold in the first fortnight (2 weeks) after her release? 40 000
5%
what are those cars with miku liveries you see at car shows/expositions an itasha
5%
name the anime where Miku operated a shinkansen line Shinkansen Henkei Robo Shinkalion
5%
what is POCALOID VOCALOID but pirated
5%
and what is her series Character Vocal Series
4%
and the full name of the racing project? Hatsune Miku GT Project
4%
how did miku get the item above the item wars
4%
how expensive is it to get the miku V2 voicebank (2025) ¥16,500 ($114)
3%
official Miku broadcasting channel operated by CFM 39ch MIKU CHANNEL
3%
of which the above date is also known as? (alternative name to Miku Day, former concert event also named after this) 39's Giving Day
3%
japanese space probe of which was loaded with Miku paraphrelnalia pre-launch Akatsuki
3%
who was the composer of this song? Hirasawa Eiji/Eiji Hirasawa
3%
what was the theme song for MIKU EXPO 2024? Intergalactic Bound
3%
name the software developer who programmed Miku and her voicebanks Sasaki Wataru/Wataru Sasaki
3%
mini miku museum in new chitose airport Snow Miku Sky Town
3%
CTS: ...______ VOCALOID ever created overall. 7th/seventh
2%
who was the forgotten Chinese red bootleg of Miku Dongfang Zhizi
2%
who is the founder/current president/representative director of the above company Hiroyuki Itoh
2%
(special concert from nico nico douga) Nico Nico Cho Party
2%
most recent market the Hatsune Miku franchise has entered in (country) Vietnam (2024)
2%
CTS: Which means that Hatsune Miku is the first ______-__________ VOCALOID and the... 2nd-generation/second-generation
1%
Where was the 1st MIKU EXPO held? (in 2014) Jakarta, Indonesia
1%
which islamic nasheed got its own Miku cover in Nico Nico Douga in 2017? My Ummah, Dawn Has Arrived
1%
what series are the miku plushies part of Precialty
1%
and which of the above's synthesizer keyboard was Miku's color palette based off of? the DX-7
1%
and what was the theme of the event above? Wings of Creation
1%
No matching quizzes found
Score Distribution
Percent of People with Each Score
Percentile by Number Answered
Your Score History
You have not taken this quiz since the last reset